Satiricon /

সংরক্ষণ করুন:
গ্রন্থ-পঞ্জীর বিবরন
প্রধান লেখক: Petronius Arbiter (লেখক)
অন্যান্য লেখক: Chiara, Piero
বিন্যাস: গ্রন্থ
ভাষা:ইতালিয়
প্রকাশিত: Milano : A. Mondadori, 1969
ট্যাগগুলো: ট্যাগ যুক্ত করুন
কোনো ট্যাগ নেই, প্রথমজন হিসাবে ট্যাগ করুন!

MARC

LEADER 00000nam a22000007i 4500
001 IT\ICCU\RAV\0182867
003 ItRI
005 20250930195324.0
008 920319s1969 it |||||| ||||| |||||c
040 |b ita  |c Arcigay Viterbo 
041 7 |a ita  |2 ISO-639-2 
082 |a 873.01  |2 20 
100 0 |a Petronius Arbiter  |0 IT\ICCU\CFIV\015971  |4 aut 
240 1 0 |a Satyricon  |9 Petronius Arbiter 
245 1 0 |a Satiricon /  |c Petronio Arbitro ; traduzione di Piero Chiara. 
260 |a Milano :  |b A. Mondadori,  |c 1969 
300 |a 203 p. ;  |c 21 cm 
700 1 |a Chiara, Piero  |0 IT\ICCU\CFIV\000472 
942 |2 ddc  |c BK  |n 0 
952 |0 0  |1 0  |2 ddc  |4 0  |6 873_010000000000000_PET_SAT  |7 0  |9 9660  |a VT  |b VT  |d 2025-09-30  |e Dono di Lorenzo Abbate  |i B316  |l 0  |o 873.01 PET SAT  |p B316  |r 2025-09-30 19:54:32  |w 2025-09-30  |y BK 
981 1 |6 z01  |a i   |b xxxe  
982 1 |6 z01  |a n 
999 |c 8051  |d 8051